Variabilné odmeňovanie - nástroj na zvyšovanie výkonnosti podniku diplomová práca

Enregistré dans:
Détails bibliographiques
Auteur principal: Huljaková, Beáta
Collectivité auteur: Fakulta podnikového manažmentu EU. Katedra manažmentu
Autres auteurs: Joniaková, Zuzana, 1970-
Format: Livre
Langue:slovaque
Publié: Bratislava 2009
Tags: Ajouter un tag
Pas de tags, Soyez le premier à ajouter un tag!

MARC

LEADER 00000nam$a2200000$$$4500
001 0101764
005 20240320075503.1
041 0 |a slo 
044 |a SK 
245 1 0 |a Variabilné odmeňovanie - nástroj na zvyšovanie výkonnosti podniku  |b diplomová práca  |c Beáta Huljaková ; škol. Zuzana Joniaková 
264 1 |a Bratislava  |c 2009 
300 |a 76 s. 
100 1 |a Huljaková, Beáta 
700 1 |a Joniaková, Zuzana, 1970- 
710 2 |a Fakulta podnikového manažmentu EU. Katedra manažmentu